Algebraic groups and related topics : proceedings of symposia held in Kyoto from September 5 until September 7, 1983 and held in Nagoya from October 11 until October 14, 1983

Αποθηκεύτηκε σε:
Λεπτομέρειες βιβλιογραφικής εγγραφής
Άλλοι συγγραφείς: Hotta, R. (Ryoshi) (Επιμελητής έκδοσης)
Μορφή: Βιβλίο
Γλώσσα:English
Δημοσίευση: Tokyo ; New York : Kinokuniya : North-Holland Pub., 1985.
Σειρά:Advanced studies in pure mathematics ; 6
Θέματα:
Ετικέτες: Προσθήκη ετικέτας
Δεν υπάρχουν, Καταχωρήστε ετικέτα πρώτοι!

MARC

LEADER 00000cam a2200000 i 4500
001 1/33782
008 941103s1985####ja | ||| |||| ||eng||
020 |a 0444877118 
035 |a 1993  |l 10039462 
040 |a GR-MY-UA  |b gre  |e aacr 
041 0 |a eng 
082 0 |a 512.2  
245 1 0 |a Algebraic groups and related topics :   |b proceedings of symposia held in Kyoto from September 5 until September 7, 1983 and held in Nagoya from October 11 until October 14, 1983 /   |c edited by R. Hotta.  
260 |a Tokyo ;   |a New York :   |b Kinokuniya :   |b North-Holland Pub.,   |c 1985.  
300 |a ii, 543 σ. :   |b εικ. ;   |c 24 εκ.  
490 1 |a (Advanced studies in pure mathematics   |v ; 6)  
500 |a "The papers contributed to this volume are related to the following two symposia: "Algebraic groups and related topics: held at the Research Institute for Mathematical Science, Kyoto University during September 5-7 1983...."Invariants and geometry" held at Nagoya University during October 11-14, 1983" 
504 |a Περιέχει βιβλιογραφικές αναφορές.  
650 0 0 |a Group theory  |x Congresses. 
650 0 0 |a Invariants  |x Congresses. 
650 0 0 |a Geometry  |x Congresses. 
650 0 0 |a Algebra  |x Congresses. 
700 1 |a Hotta, R.   |q (Ryoshi)  |e edt 
830 0 |a Advanced studies in pure mathematics ;  |v  6 
852 |a INST  |b SAMOS  |e 19941103  |h 512.2 ALG  |p 005300007894  |q 005300007894  |t BK  |y 0 
909 |a Σ  |b 030229